000 00444nam a2200157Ia 4500
008 220216s9999 xx 000 0 und d
100 _aWinitha Margret H A
245 0 _aAnalysis of growth patterns of Hevea clones
260 _bJournal of the Rubber Research Institute of Sri Lanka
_c1988
300 _a8-Jan
650 _aGrowth pattern
650 _aHevea clones
700 _aAbeyasekera S
700 _aJayasekera N E M
942 _cJS
999 _c54228
_d54228